Warhammer 40k Dawn of War I : units - Statistics

General Stats
  • This quiz has been taken 86 times
  • The average score is 57 of 151
Answer Stats
Hint Answer % Correct
Space Marine squad
87%
Assault Marine squad
76%
Scout Marine squad
76%
Vehicles Chaos Rhino
71%
Dreadnought
71%
Vehicles Rhino
71%
Vehicles Rhino Transport
71%
Terminator squad
71%
Chaos predator
68%
Heroes Force Commander
68%
Relic Unit Land Raider
68%
Predator
68%
Librarian
67%
Chaos Space Marine squad
65%
Cultist squad
62%
Infantry Ecclesiarchal Servitor
62%
Infantry Servitor
62%
Relic Unit Baneblade
56%
Fire Warrior Team
56%
Raptor squad
56%
Apothecary
54%
Chaplain
54%
Land speeder
54%
Infantry Gretchin
52%
Heroes T'au Commander
52%
Relic Unit Avatar of Khaine
51%
Basilisk
51%
Commissar
51%
Guardsmen squad
51%
Kroot Carnivores
51%
Necron Warriors
51%
Warboss
51%
Whirlwind
51%
Infantry Bonesinger
49%
Farseer
49%
Grey Knight
49%
Guardian squad
49%
Leman Russ
49%
Warp spider squad
49%
Chaos Sorcerer
48%
Heroes Necron Lord
48%
Ogryns
48%
Sentinel
48%
Infantry Builder Scarabs
46%
Heroes Chaos Lord
46%
Heavy Destroyer
46%
Lord Destroyer
46%
Nobz squad
46%
Wraith
46%
Defiler
44%
Destroyer
44%
Relic Unit Restored Monolith
44%
Warrior Squad
44%
Vehicles Falcon grav tank
43%
Howling Banshee squad
43%
Killa kan
43%
Bloodthirster
41%
Vehicles Chimera
41%
Relic Unit Daemon Prince
41%
Flayed Ones
41%
Horror squad
41%
Kasrkin
41%
Battle Sister squad
40%
Fire Dragon squad
40%
Obliterators
40%
Ranger squad
40%
Infantery Techpriest Enginseer
40%
Infantry Tortured Slave
40%
Vespid Stingwing Strain
40%
XV15 Stealth Team
40%
Dark Reaper squad
38%
Khorne Berzerker squad
38%
Shootaboy squad
38%
Relic Unit Squiggoth
38%
Immortals
37%
Pariahs
37%
Sluggaboy squad
37%
Assault Terminator squad
35%
Infantery Earth Caste Builder
35%
Infantry Heretic
35%
Relic Unit Living Saint
35%
Looted tank
35%
Penitent Engine
35%
Psyker
35%
Heroes Archon
33%
Big Mek
33%
Hammerhead Gunship
33%
Heavy Weapons Team
33%
Hellhound
33%
Fire Prism
32%
Heroes Harlequin
32%
Mega armored Nobz
32%
Possessed squad
32%
Priest
32%
Vyper
32%
Wartrak
32%
Wraithlord
32%
XV8 Crisis Battlesuit
32%
Heroes Command Squad
30%
Krootox
30%
Pathfinder Team
30%
XV88 Broadside Battlesuit
30%
Barracuda
29%
Heroes Canoness
29%
Relic Unit Greater Knarloc
29%
Hellfire Dreadnought
29%
Seer Council
29%
Sister Repentia Squad
29%
Flash Gitz
27%
Stormboyz
27%
Vehicles Tomb Spyder
27%
Vehicles Devilfish Troop Carrier
25%
Essence of the Nightbringer
25%
Ethereal
25%
Immolator
25%
Tankbustaz
25%
Kroot Hound Pack
24%
Haemonculus
22%
Heroes Mad Dok
22%
Mandrake Squad
22%
Marauder Bomber
22%
Raider
22%
Seraphim squad
22%
Vehicles Wartrukk
22%
Missionary
19%
Scourge Squad
19%
Talos
19%
Wych Squad
19%
Confessor
17%
Exorcist
17%
Hellion Squad
17%
Kroot Shaper
17%
Land speeder Tempest
17%
Ravager
17%
Skyray Missile Gunship
17%
Vindicare Assassin
17%
Hell Talon
16%
Brightlance grav platform
14%
Celestian squad
14%
Essence of the Deceiver
14%
Raven
14%
Vehicles Reaver Jetbike
14%
Shuriken grav platform
14%
Relic Unit Dais of Destruction
13%
Fighta-Bomma
13%
Nightwing
13%
Death-cult Assassin
11%
Lightning Fighter
11%
Drone Harbinger
10%
Warp Beast Pack
10%
Shas'Ui Bodyguard
8%
No matching quizzes found
Score Distribution
Percent of People with Each Score
Percentile by Number Answered
Your Score History
You have not taken this quiz